000 00594nam a2200193Ia 4500
003 GCL
008 140319s9999 xx 000 0 ara d
040 _aGCL /
_cGCL
082 0 4 _a314.48
_bم ا
100 1 _aمحمد كمال فهمى
245 1 0 _aاصول القانون الدولى الخاص /
_cمحمد كمال فهمى
260 _a[S.N] :
_bمؤسسة الثقافةالجامعية للطبع والنشر ،
_c1992
300 _a704 ص
490 _a
650 0 4 _aالقانون
650 0 4 _aالقانون الدولى
650 0 4 _aالمواطنة
942 _2ddc
_cBK
999 _c54084
_d54084